000 00456ntaaa2200181 4500
003 01
005 20251027201348.0
008 0714s1973 ag 01
040 _aAR-BaBN
_bspa
_cAR-BaBN
_eaacr
_dRIC
082 _a225.0000 K78
100 _aKnudsen, Ralph E.
_91229
245 _aKnowing the New Testament
250 _a1 ed.
260 _aPhiladelphia :
_bJudson Press,
_c1954
300 _a192 p.
650 _aNuevo Testamento-Introducción
942 _cBK
999 _c8143
_d8143